000 00874nam a2200265 i 4500
001 174468
003 ES-MaACL
005 20250809030232.0
008 100426s2010 sp l |||| | spa d
020 _a978-84-92612-54-3
080 _a349.3(460):369
080 _a369(460)(075.8)
245 0 0 _aMemento práctico social 2010
_b: derecho laboral, seguridad social.
246 3 8 _aMemento social
_b: 2010
250 _aAct. a 17 de feb. de 2010.
260 _aMadrid :
_bFrancis Lefebvre,
_c2010.
300 _a2014 p. ;
_c24 cm.
500 _aÍndices.
650 1 4 _aDerecho laboral-
_zEspaña
_911726
650 4 _aDerecho de la seguridad social-
_zEspaña
_911696
710 2 _aEdiciones Francis Lefebvre.
_9158696
852 4 _a BA
_jA-15285
_9181188
_cDEPO1
_dOlim: L 349.3 "2010" mem
_dOlim: Meseton
942 _2udc
999 _c174468
_d174468